Donors and peacebuilding in Sri Lanka 200-2005: (Record no. 4962)

MARC details
000 -LEADER
fixed length control field 00634nam a2200169 4500
008 - FIXED-LENGTH DATA ELEMENTS--GENERAL INFORMATION
fixed length control field 240701b |||||||| |||| 00| 0 eng d
082 ## - DEWEY DECIMAL CLASSIFICATION NUMBER
Classification number 303.69
Item number BUR
942 ## - ADDED ENTRY ELEMENTS (KOHA)
Item Type Reports
100 ## - MAIN ENTRY--PERSONAL NAME
Personal Name Burke, Adam
700 ## - ADDED ENTRY--PERSONAL NAME
Personal name Mulakala, Anthea
245 ## - TITLE STATEMENT
Title Donors and peacebuilding in Sri Lanka 200-2005:
Sub Title part of the Sri Lanka strategic conflict assessment 2005
260 ## - PUBLICATION, DISTRIBUTION, ETC. (IMPRINT)
Place of Publication Colombo:
Name of Publisher Asia Foundation,
Date of Copyright 2005
300 ## - PHYSICAL DESCRIPTION
Extent 45 p.
Physical Details Bibliography included
440 ## - SERIES STATEMENT/ADDED ENTRY--TITLE
Title Six-part series
Volume No.2
856 ## - ELECTRONIC LOCATION AND ACCESS
Uniform Resource Identifier <a href="https://documents1.worldbank.org/curated/en/815421468102539289/pdf/631760WP0Sri0L00Box0361508B0PUBLIC0.pdf">https://documents1.worldbank.org/curated/en/815421468102539289/pdf/631760WP0Sri0L00Box0361508B0PUBLIC0.pdf</a>
650 ## - SUBJECT ADDED ENTRY--TOPICAL TERM
Topical Term PEACEBUILDING-Sri Lanka
Holdings
Withdrawn status Lost status Source of classification or shelving scheme Damaged status Not for loan Permanent location Current location Date acquired Total Checkouts Full call number Barcode Date last seen Price effective from Koha item type
    Dewey Decimal Classification     Resource center, Muslim Women's Research And Action Forum Resource center, Muslim Women's Research And Action Forum 2024-07-01   303.69 BUR RAF5348 2024-07-01 2024-07-01 Reports

Copyright © 2023 Muslim Women's Research and Action Forum (MWRAF), No 27/3, Anderson Road, Kalubowila, Dehiwela. Funded by The Asia Fundation